Les meilleurs buteurs de chaque club de Ligue 1 (2023-2024) - Statistiques

Statistiques générales
  • Ce quiz a été pris 52 fois
  • Le résultat moyen est 11 sur 18
Statistiques - réponses
Club Nombre de buts Joueur % Correct
Paris 27 Kylian Mbappé
100%
Lyon 19 Alexandre Lacazette
96%
Lille 19 Jonathan David
96%
Marseille 17 Pierre-Emerick Aubameyang
87%
Monaco 16 Wissam Ben Yedder
87%
Lens 9 Elye Wahi
79%
Nice 11 Terem Moffi
72%
Metz 13 Georges Mikautadze
66%
Le Havre 5 Mohamed Bayo / Emmanuel Sabbi / André Ayew
60%
Rennes 10 Arnaud Kalimuendo
55%
Nantes 8 Mostafa Mohamed
55%
Toulouse 14 Thijs Dallinga
53%
Brest 8 Romain Del Castillo
51%
Montpellier 9 Teji Savanier
49%
Strasbourg 8 Emanuel Emegha
30%
Lorient 8 Mohamed Bamba
28%
Clermont 8 Muhammed Cham
23%
Reims 6 Teddy Teuma
17%
Aucun quiz correspondant
Distribution des résultats
% des personnes avec chaque résultat
Percentile par nombre de réponses
Votre historique - résultats
Vous n’avez pas pris ce quiz